Terorizmus a zmeny v príprave a činnostiach ozbrojených síl

Úloha armády či ozbrojených síl v oblasti ochrany obyvateľstva pred terorizmom. Vytváranie špeciálnych jednotiek na boj proti terorizmu v rámci ozbrojených síl. Tri základné oblasti boja s terorizmom - prevencia, legislatívne úpravy, použitie ozbrojených síl. Potreba rozpracovania vojenských aspekto...

Descripción completa

Guardado en:
Detalles Bibliográficos
Autor principal: Hamaj, Pavol
Formato: Capítulo de libro
Lenguaje:eslovaco
Materias:
Etiquetas: Agregar Etiqueta
Sin Etiquetas, Sea el primero en etiquetar este registro!

MARC

LEADER 00000naa$a2200000$$$4500
001 0040012
005 20221207085316.6
041 0 |a slo 
044 |a SK 
245 1 0 |a Terorizmus a zmeny v príprave a činnostiach ozbrojených síl  |c Pavol Hamaj 
520 |a Úloha armády či ozbrojených síl v oblasti ochrany obyvateľstva pred terorizmom. Vytváranie špeciálnych jednotiek na boj proti terorizmu v rámci ozbrojených síl. Tri základné oblasti boja s terorizmom - prevencia, legislatívne úpravy, použitie ozbrojených síl. Potreba rozpracovania vojenských aspektov boja s terorizmom. Budovanie a rozvoj profesionálnych ozbrojených síl. Defenzívne a ofenzívne protiteroristické opatrenia. 
610 2 0 |a terorizmus 
610 2 0 |a armáda 
610 2 0 |a sily ozbrojené 
610 2 0 |a prevencia 
610 2 0 |a legislatíva 
610 2 0 |a výcvik 
610 2 0 |a obrana štátu 
100 1 |a Hamaj, Pavol